[Event "XXXI Corsicoscacchi A"]
[Site "Corsico ITA"]
[Date "2004.10.02"]
[Round "2"]
[White "Molteni, Costantino"]
[Black "Milan, Paolo"]
[Result "1-0"]
[WhiteElo "1965"]
[BlackElo "1928"]
[PlyCount "87"]
[EventDate "2004.10.02"]

1. Nf3 Nf6 2. c4 e6 3. g3 c6 4. Bg2 d5 5. b3 dxc4 6. bxc4 Be7 7. Bb2 O-O 8. O-O
Nbd7 9. d3 h5 10. Nbd2 h4 11. Nxh4 g5 12. Nhf3 Nh7 13. Ne5 Nxe5 14. Bxe5 f6 15.
Bb2 e5 16. Nb3 Be6 17. e3 Qc7 18. Qe2 Bf7 19. f4 exf4 20. exf4 gxf4 21. Rxf4
Bd6 22. Qg4+ Kh8 23. Rxf6 Be5 24. Bxe5 Qxe5 25. Rf2 Bh5 26. Rxf8+ Rxf8 27. Qe4
Qd6 28. d4 Bg6 29. Qe5+ Qxe5 30. dxe5 Re8 31. Re1 Bf7 32. c5 Ng5 33. h4 Bxb3
34. axb3 Ne6 35. b4 a5 36. bxa5 Nxc5 37. Re3 Nd7 38. e6 Nc5 39. Bh3 Kg7 40. Re5
Nd3 41. Rg5+ Kf6 42. Rf5+ Kg6 43. Rf7 Nc5 44. Bf5+ 1-0

[Event "XXXI Corsicoscacchi A"]
[Site "Corsico ITA"]
[Date "2004.10.02"]
[Round "2"]
[White "Pelizzola, Danilo"]
[Black "D'Apa, Matteo"]
[Result "1/2-1/2"]
[WhiteElo "2066"]
[BlackElo "1973"]
[PlyCount "42"]
[EventDate "2004.10.02"]

1. e4 e5 2. Nf3 Nc6 3. Bb5 a6 4. Ba4 d6 5. c3 Bd7 6. O-O Nge7 7. d4 g6 8. dxe5
dxe5 9. Re1 Bg7 10. Nbd2 O-O 11. Nf1 h6 12. Ne3 f5 13. exf5 gxf5 14. Bb3+ Kh8
15. Ng5 Qe8 16. Ne6 Bxe6 17. Bxe6 Qg6 18. Bb3 Rad8 19. Qc2 Na5 20. Nc4 Nxb3 21.
axb3 Nc6 1/2-1/2

[Event "XXXI Corsicoscacchi A"]
[Site "Corsico ITA"]
[Date "2004.10.02"]
[Round "2"]
[White "Vignoli, Matteo"]
[Black "Bonazzi, Edoardo"]
[Result "0-1"]
[WhiteElo "1979"]
[BlackElo "2127"]
[PlyCount "110"]
[EventDate "2004.10.02"]

1. e4 c6 2. d4 d5 3. Nc3 dxe4 4. Nxe4 Bf5 5. Ng3 Bg6 6. h4 h6 7. Nf3 Nd7 8. h5
Bh7 9. Bd3 Bxd3 10. Qxd3 e6 11. Bf4 Ngf6 12. c4 Bb4+ 13. Bd2 Bxd2+ 14. Qxd2 O-O
15. O-O c5 16. Rfd1 cxd4 17. Nxd4 a6 18. b4 Qc7 19. Qe2 Rfc8 20. Rac1 Qe5 21.
Qf3 Rc7 22. c5 Nd5 23. c6 bxc6 24. Nxc6 Qf6 25. Qa3 Rac8 26. Na7 Rxc1 27. Rxc1
Rxc1+ 28. Qxc1 Nxb4 29. Qc8+ Nf8 30. Qc5 Nd3 31. Qe3 Qa1+ 32. Kh2 Ne5 33. f3
Nc4 34. Qb3 Qd4 35. Qb8 Qe5 36. Qe8 Nd6 37. Qb8 Qc5 38. Qa8 Qc7 39. Qc6 Qxc6
40. Nxc6 Nd7 41. Ne2 e5 42. Nc1 f6 43. Nb3 Kf7 44. a4 Nb7 45. Nb4 Ndc5 46. Nd2
Ke6 47. Nc4 a5 48. Nc6 Nb3 49. Ne3 Nd4 50. Nxd4+ exd4 51. Nc4 Kd5 52. Nb6+ Kc6
53. Nc8 d3 54. Ne7+ Kc5 55. Kg3 d2 0-1

[Event "XXXI Corsicoscacchi A"]
[Site "Corsico ITA"]
[Date "2004.10.03"]
[Round "3"]
[White "Bonazzi, Edoardo"]
[Black "Pelizzola, Danilo"]
[Result "1/2-1/2"]
[WhiteElo "2127"]
[BlackElo "2066"]
[PlyCount "139"]
[EventDate "2004.10.02"]

1. Nf3 d5 2. c4 c6 3. g3 Nf6 4. Bg2 Bf5 5. cxd5 Nxd5 6. d3 Nf6 7. O-O h6 8. Nc3
e6 9. a3 Be7 10. b4 Nbd7 11. Bb2 O-O 12. Rc1 a6 13. Na4 a5 14. Nc5 axb4 15.
axb4 Qb6 16. Bd4 Qb5 17. Qb3 Rfd8 18. Qb2 Bf8 19. h3 Nxc5 20. Bxc5 Bxc5 21.
Rxc5 Qb6 22. Rb1 Ra4 23. Rc2 Rda8 24. b5 c5 25. g4 Bg6 26. Ne5 Kh7 27. Qc1 Ra2
28. Bf3 Rxc2 29. Qxc2 Rd8 30. Nc4 Qc7 31. b6 Qf4 32. Bxb7 h5 33. Qc1 Qb8 34.
Bf3 hxg4 35. hxg4 Rd4 36. Qg5 Rxc4 37. Kg2 Kg8 38. b7 Rb4 39. Qxc5 Rxb1 40.
Qc8+ Qxc8 41. bxc8=Q+ Kh7 42. Qc4 Nd7 43. Be4 Bxe4+ 44. Qxe4+ Kg8 45. g5 Nf8
46. d4 Rb5 47. f4 Rd5 48. Kg3 Ng6 49. Qd3 Ne7 50. e4 Rd8 51. Qc4 Kf8 52. Kg4 g6
53. Qc5 Ke8 54. Qe5 Kf8 55. Qh8+ Ng8 56. f5 gxf5+ 57. exf5 exf5+ 58. Kxf5 Rd6
59. Qe5 Ne7+ 60. Kg4 Rd8 61. Kf3 Rd5 62. Qb8+ Kg7 63. Qb7 Kf8 64. Qb8+ Kg7 65.
Qb7 Kf8 66. Qa8+ Kg7 67. Qe8 Ng6 68. Qe3 Kf8 69. Kg4 Ne7 70. Qe4 1/2-1/2

[Event "XXXI Corsicoscacchi A"]
[Site "Corsico ITA"]
[Date "2004.10.03"]
[Round "3"]
[White "Brugo, Marco"]
[Black "Vignoli, Matteo"]
[Result "1/2-1/2"]
[WhiteElo "1907"]
[BlackElo "1979"]
[PlyCount "75"]
[EventDate "2004.10.02"]

1. d4 Nf6 2. c4 g6 3. Nc3 Bg7 4. e4 d6 5. f3 O-O 6. Be3 c5 7. dxc5 dxc5 8. Qxd8
Rxd8 9. Bxc5 Nc6 10. Nd5 Nd7 11. Bxe7 Nxe7 12. Nxe7+ Kf8 13. Nd5 Bxb2 14. Rb1
Bg7 15. Ne2 a5 16. Nec3 Ra6 17. Be2 Rc6 18. O-O b6 19. f4 Ba6 20. Nb5 Bxb5 21.
Rxb5 Bd4+ 22. Kh1 Nf6 23. Rd1 Bc5 24. Nxf6 Rxd1+ 25. Bxd1 Rxf6 26. g3 Rd6 27.
Rb1 Rd2 28. Bb3 Ke7 29. Rc1 f6 30. Rc2 Rxc2 31. Bxc2 Kd6 32. Kg2 Bd4 33. Kf3
Kc5 34. Bb3 Kb4 35. Ke2 a4 36. Bc2 a3 37. Kd3 Kc5 38. h3 1/2-1/2

[Event "XXXI Corsicoscacchi A"]
[Site "Corsico ITA"]
[Date "2004.10.03"]
[Round "3"]
[White "D'Apa, Matteo"]
[Black "De Santis, Massimo"]
[Result "1/2-1/2"]
[WhiteElo "1973"]
[BlackElo "1961"]
[PlyCount "89"]
[EventDate "2004.10.02"]

1. d4 Nf6 2. c4 e6 3. Nf3 b6 4. Nc3 Bb4 5. a3 Bxc3+ 6. bxc3 Bb7 7. Bg5 d5 8. e3
Nbd7 9. cxd5 exd5 10. Bd3 c5 11. O-O O-O 12. Ne5 Qc8 13. Nxd7 Nxd7 14. Qh5 f5
15. Be7 Qe8 16. Qxe8 Rfxe8 17. Bh4 Rf8 18. Bg3 c4 19. Bc2 Bc6 20. Bd6 Rf7 21.
f4 g6 22. Be5 Re8 23. h3 Nf6 24. Kh2 Bd7 25. g3 Bc6 26. Rg1 Bd7 27. Kg2 Kf8 28.
Kf2 Ne4+ 29. Bxe4 fxe4 30. g4 Ke7 31. Kg3 Kd8 32. g5 Re6 33. h4 b5 34. Rh1 Ra6
35. h5 Bf5 36. Bf6+ Ke8 37. hxg6 hxg6 38. Kf2 Rf8 39. Ke2 Rf7 40. Kd2 Ra4 41.
Kc2 a5 42. Kb2 Kd7 43. Rh8 Kc6 44. Be5 Rb7 45. Rhh1 1/2-1/2

[Event "XXXI Corsicoscacchi A"]
[Site "Corsico ITA"]
[Date "2004.10.03"]
[Round "3"]
[White "Mastroddi, Emiliano"]
[Black "Brunelli, Giovanni"]
[Result "1-0"]
[WhiteElo "1985"]
[BlackElo "1978"]
[PlyCount "51"]
[EventDate "2004.10.02"]

1. c4 e6 2. Nc3 g6 3. d4 Bg7 4. e4 Ne7 5. Be3 d5 6. Nf3 dxe4 7. Nxe4 Nf5 8. Bg5
f6 9. Bf4 Nc6 10. d5 exd5 11. cxd5 Nce7 12. d6 cxd6 13. g4 d5 14. gxf5 dxe4 15.
Qxd8+ Kxd8 16. Bb5 Nxf5 17. O-O-O+ Ke7 18. Rhe1 Be6 19. Rxe4 Rac8+ 20. Kb1 Kf7
21. Bd7 Bxd7 22. Rxd7+ Kf8 23. Rxb7 Nh6 24. Nd4 Nf5 25. Nxf5 gxf5 26. Ree7 1-0

[Event "XXXI Corsicoscacchi A"]
[Site "Corsico ITA"]
[Date "2004.10.03"]
[Round "3"]
[White "Molteni, Costantino"]
[Black "Corti, Massimo"]
[Result "1/2-1/2"]
[WhiteElo "1965"]
[BlackElo "2071"]
[PlyCount "52"]
[EventDate "2004.10.02"]

1. Nf3 d5 2. c4 c6 3. b3 Nf6 4. g3 Bf5 5. Bb2 Nbd7 6. Bg2 e6 7. O-O Be7 8. d4
O-O 9. Nc3 Ne4 10. Nd2 Nxc3 11. Bxc3 Nf6 12. Re1 c5 13. e4 cxd4 14. Bxd4 dxe4
15. Nxe4 Bxe4 16. Bxe4 Nxe4 17. Rxe4 Bf6 18. f4 Bxd4+ 19. Rxd4 Qb6 20. Kg2 Rfd8
21. Rxd8+ Rxd8 22. Qe2 Qc6+ 23. Kf2 Qc5+ 24. Kg2 Qc6+ 25. Kf2 Qc5+ 26. Kg2 Qc6+
1/2-1/2

[Event "XXXI Corsicoscacchi A"]
[Site "Corsico ITA"]
[Date "2004.10.03"]
[Round "3"]
[White "Olivo, Mario"]
[Black "Bisignano, Giuseppe"]
[Result "1/2-1/2"]
[WhiteElo "1805"]
[BlackElo "1965"]
[PlyCount "123"]
[EventDate "2004.10.02"]

1. Nf3 Nf6 2. g3 g6 3. Bg2 d5 4. O-O Bg7 5. d3 O-O 6. Nbd2 Nbd7 7. b3 Ne4 8. d4
c5 9. e3 e5 10. Bb2 cxd4 11. exd4 Nxd2 12. Qxd2 e4 13. Ne1 f5 14. c4 dxc4 15.
bxc4 Nb6 16. Rc1 Be6 17. d5 Bf6 18. Bxf6 Rxf6 19. Qb4 Bf7 20. Nc2 Rc8 21. Ne3
Qf8 22. Qxf8+ Kxf8 23. f3 exf3 24. Bxf3 Na4 25. g4 Nc5 26. gxf5 gxf5 27. Rcd1
Rd8 28. Kh1 Ke7 29. Rde1 Kd6 30. Bg4 Nd3 31. Rb1 f4 32. Rxb7 Bg6 33. Ng2 f3 34.
Rxf3 Nf2+ 35. Kg1 Nxg4 36. Rxf6+ Nxf6 37. Rxa7 Kc5 38. Rc7+ Kd4 39. Nf4 Bf5 40.
Ne2+ Ke3 41. Re7+ Ne4 42. Ng3 Bg6 43. Kg2 Kd4 44. Rc7 Ra8 45. Nxe4 Bxe4+ 46.
Kg3 Ra3+ 47. Kg4 Rxa2 48. d6 Ke5 49. Re7+ Kd4 50. d7 Rg2+ 51. Kh3 Rg8 52. Re8
Bf5+ 53. Kh4 Rg4+ 54. Kh5 Bxd7 55. Re7 Bf5 56. Rxh7 Rg2 57. Rc7 Ke5 58. h4 Kf6
59. Rc6+ Be6 60. Rc7 Rg8 61. Rh7 Bg4+ 62. Kh6 1/2-1/2

[Event "XXXI Corsicoscacchi A"]
[Site "Corsico ITA"]
[Date "2004.10.03"]
[Round "3"]
[White "Sartorio, Diego"]
[Black "Carbone, Lorenzo"]
[Result "0-1"]
[WhiteElo "1962"]
[BlackElo "1908"]
[PlyCount "56"]
[EventDate "2004.10.02"]

1. e4 c5 2. c3 d5 3. exd5 Qxd5 4. d4 cxd4 5. cxd4 e6 6. Nc3 Bb4 7. Nf3 Nf6 8.
Bd3 O-O 9. O-O Qd8 10. Bg5 Be7 11. Re1 Nc6 12. a3 h6 13. Bh4 Bd7 14. Bb1 Qa5
15. Ne5 Rad8 16. b4 Qb6 17. d5 Nxe5 18. Rxe5 Bc6 19. Bxf6 Bxf6 20. Qc2 g6 21.
dxe6 Bxe5 22. exf7+ Rxf7 23. Ba2 Kg7 24. Bxf7 Kxf7 25. Qb3+ Kg7 26. Re1 Rf8 27.
Nd1 Qd4 28. Qe6 Re8 0-1

[Event "XXXI Corsicoscacchi A"]
[Site "Corsico ITA"]
[Date "2004.10.09"]
[Round "4"]
[White "Brugo, Marco"]
[Black "Molteni, Costantino"]
[Result "1/2-1/2"]
[WhiteElo "1907"]
[BlackElo "1965"]
[PlyCount "82"]
[EventDate "2004.10.02"]

1. d4 Nf6 2. c4 e6 3. Nc3 c5 4. e3 cxd4 5. exd4 d5 6. Nf3 Be7 7. Bd3 O-O 8. O-O
dxc4 9. Bxc4 Nc6 10. Bf4 b6 11. Re1 Nb4 12. Qe2 Nbd5 13. Be5 Bb7 14. Ng5 Rc8
15. Bxf6 Bxf6 16. Nxe6 Nxc3 17. bxc3 fxe6 18. Bxe6+ Kh8 19. Bxc8 Qxc8 20. Rad1
Bh4 21. d5 Bxf2+ 22. Qxf2 Rxf2 23. Kxf2 Qf5+ 24. Kg1 Bxd5 25. Rxd5 Qxd5 26.
Re8+ Qg8 27. Rxg8+ Kxg8 28. Kf2 Kf7 29. Ke3 Ke6 30. Kd4 Kd6 31. a4 a6 32. Ke4
Kc6 33. h3 Kd6 34. Kd4 b5 35. axb5 axb5 36. g3 h5 37. g4 hxg4 38. hxg4 g5 39.
Ke4 Kc5 40. Kf5 Kc4 41. Kxg5 Kxc3 1/2-1/2

[Event "XXXI Corsicoscacchi A"]
[Site "Corsico ITA"]
[Date "2004.10.09"]
[Round "4"]
[White "Corti, Massimo"]
[Black "D'Apa, Matteo"]
[Result "0-1"]
[WhiteElo "2071"]
[BlackElo "1973"]
[PlyCount "40"]
[EventDate "2004.10.02"]

1. Nf3 d5 2. d4 c6 3. c4 e6 4. Qc2 Nf6 5. Bg5 Be7 6. e3 Nbd7 7. Nc3 b6 8. Bd3
h6 9. Bh4 Bb7 10. Rd1 O-O 11. O-O c5 12. Qe2 Rc8 13. dxc5 Nxc5 14. Bb1 Ba6 15.
b4 Bxc4 16. Qc2 Nce4 17. Nxe4 Nxe4 18. Qxe4 dxe4 19. Rxd8 Bxd8 20. Bxe4 Bxf1
0-1

[Event "XXXI Corsicoscacchi A"]
[Site "Corsico ITA"]
[Date "2004.10.09"]
[Round "4"]
[White "Mastroddi, Emiliano"]
[Black "Bonazzi, Edoardo"]
[Result "1-0"]
[WhiteElo "1985"]
[BlackElo "2127"]
[PlyCount "59"]
[EventDate "2004.10.02"]

1. e4 c6 2. d4 d5 3. Nc3 dxe4 4. Nxe4 Bf5 5. Ng3 Bg6 6. Bc4 Nf6 7. N1e2 e6 8.
O-O Bd6 9. f4 Qd7 10. Bd3 Bxd3 11. Qxd3 g6 12. f5 exf5 13. Bg5 Be7 14. Rae1 Na6
15. Nxf5 gxf5 16. Ng3 Nb4 17. Qd2 Ne4 18. Nxe4 fxe4 19. Rxe4 Nd5 20. Bxe7 Nxe7
21. Rfe1 Kd8 22. Rxe7 Qxe7 23. Rxe7 Kxe7 24. Qb4+ Kf6 25. Qxb7 Rhc8 26. b3 a5
27. a4 Kg7 28. h4 Rab8 29. Qe7 Re8 30. Qg5+ 1-0

[Event "XXXI Corsicoscacchi A"]
[Site "Corsico ITA"]
[Date "2004.10.09"]
[Round "4"]
[White "Milan, Paolo"]
[Black "Cartella, Giovanni"]
[Result "0-1"]
[WhiteElo "1928"]
[BlackElo "1909"]
[PlyCount "76"]
[EventDate "2004.10.02"]

1. e4 c5 2. b4 cxb4 3. a3 bxa3 4. Nxa3 e6 5. Nf3 Nc6 6. Bb2 d6 7. Bc4 Nf6 8. e5
dxe5 9. Nxe5 Bd6 10. Nf3 O-O 11. O-O Bd7 12. Nb5 Be7 13. Ne5 Nxe5 14. Bxe5 Bxb5
15. Bxb5 Qd5 16. Qe2 Qe4 17. d4 Rfc8 18. Qxe4 Nxe4 19. Bd3 Nc3 20. Bf4 Nd5 21.
Be5 Bf6 22. f4 Rc3 23. Rf3 Bxe5 24. fxe5 g6 25. g4 a5 26. h4 Nb4 27. Raf1 Nxd3
28. cxd3 Rc7 29. g5 a4 30. h5 a3 31. h6 a2 32. Ra1 Rc2 33. d5 exd5 34. e6 fxe6
35. d4 Rac8 36. Ra3 Rc1+ 37. Kf2 Rxa1 38. Re3 Rac1 0-1

[Event "XXXI Corsicoscacchi A"]
[Site "Corsico ITA"]
[Date "2004.10.09"]
[Round "4"]
[White "Pelizzola, Danilo"]
[Black "De Santis, Massimo"]
[Result "1/2-1/2"]
[WhiteElo "2066"]
[BlackElo "1961"]
[PlyCount "94"]
[EventDate "2004.10.02"]

1. e4 c5 2. Nf3 d6 3. d4 cxd4 4. Nxd4 Nf6 5. Nc3 a6 6. Be2 e5 7. Nb3 Be6 8. a4
Nbd7 9. O-O Be7 10. f4 exf4 11. Bxf4 Nc5 12. Nd4 O-O 13. e5 dxe5 14. Bxe5 Qb6
15. Nxe6 Nxe6+ 16. Kh1 Rfd8 17. Qe1 Qe3 18. Bd3 Qxe1 19. Raxe1 Rac8 20. Ne4 Nd5
21. Nc3 Nb4 22. Bf5 Nc6 23. Bg3 Ncd4 24. Be4 Rd7 25. Nd5 Bc5 26. c3 Nc6 27. b4
Ba7 28. b5 axb5 29. axb5 Ne7 30. Rd1 Nxd5 31. Rxd5 Rcd8 32. Rfd1 Rxd5 33. Rxd5
Rc8 34. Rd1 Rxc3 35. Bxb7 Bb6 36. Ra1 h6 37. Be4 Rc8 38. h3 g6 39. Be5 h5 40.
Bf6 Kh7 41. Bb7 Rb8 42. Bc6 Bd4 43. Bxd4 Nxd4 44. Ra7 Nxb5 45. Rxf7+ Kh6 46. h4
Nd4 47. Be4 Re8 1/2-1/2

[Event "XXXI Corsicoscacchi A"]
[Site "Corsico ITA"]
[Date "2004.10.09"]
[Round "4"]
[White "Vignoli, Matteo"]
[Black "Brunelli, Giovanni"]
[Result "0-1"]
[WhiteElo "1979"]
[BlackElo "1978"]
[PlyCount "97"]
[EventDate "2004.10.02"]

1. e4 c5 2. Nf3 d6 3. d4 cxd4 4. Nxd4 a6 5. Nc3 Nc6 6. Be3 Nf6 7. Be2 g6 8. O-O
Bg7 9. Qd2 O-O 10. a4 e6 11. f4 Qc7 12. Bf3 Bd7 13. Nb3 b6 14. Ne2 Rad8 15. c3
e5 16. Ng3 Ng4 17. Bxg4 Bxg4 18. f5 gxf5 19. exf5 d5 20. f6 Bxf6 21. Rxf6 Kh8
22. Qf2 Be6 23. Bxb6 Qb7 24. Bxd8 Rxd8 25. Nc5 Qe7 26. Nxe6 fxe6 27. Rf7 Qg5
28. Rf8+ Rxf8 29. Qxf8+ Qg8 30. Rf1 Qxf8 31. Rxf8+ Kg7 32. Ra8 Ne7 33. Ra7 Kf8
34. Rxe7 Kxe7 35. b4 Kd6 36. Kf2 d4 37. cxd4 exd4 38. Ke2 Kd5 39. Kd3 e5 40. b5
axb5 41. axb5 Kc5 42. Ke4 Kxb5 43. Kxe5 Kc4 44. Ne4 Kd3 45. Kf4 Ke2 46. h4 h5
47. g4 hxg4 48. Kxg4 Ke3 49. Kf5 0-1

[Event "XXXI Corsicoscacchi A"]
[Site "Corsico ITA"]
[Date "2004.10.09"]
[Round "5"]
[White "Bisignano, Giuseppe"]
[Black "Brugo, Marco"]
[Result "0-1"]
[WhiteElo "1965"]
[BlackElo "1907"]
[PlyCount "48"]
[EventDate "2004.10.02"]

1. e4 e6 2. Nc3 d5 3. g3 Nf6 4. e5 Nfd7 5. f4 c5 6. Nf3 Nc6 7. Bg2 Qb6 8. O-O
Be7 9. b3 O-O 10. a4 f6 11. Qe2 fxe5 12. fxe5 Nd4 13. Nxd4 cxd4 14. Rxf8+ Bxf8
15. a5 Qc5 16. b4 Qxb4 17. Nxd5 exd5 18. Bxd5+ Kh8 19. e6 Nf6 20. Ba3 Qxa5 21.
e7 Bxe7 22. Qxe7 Qxd5 23. Re1 Bh3 24. Re2 Qf3 0-1

[Event "XXXI Corsicoscacchi A"]
[Site "Corsico ITA"]
[Date "2004.10.09"]
[Round "5"]
[White "Brunelli, Giovanni"]
[Black "Milan, Paolo"]
[Result "0-1"]
[WhiteElo "1978"]
[BlackElo "1928"]
[PlyCount "73"]
[EventDate "2004.10.02"]

1. e4 c5 2. Nf3 Nc6 3. d4 cxd4 4. Nxd4 e5 5. Nb5 d6 6. N1c3 a6 7. Na3 b5 8. Nd5
Nce7 9. c4 Nxd5 10. cxd5 f5 11. Bd3 f4 12. O-O Be7 13. g3 fxg3 14. fxg3 Nf6 15.
Be3 O-O 16. Qd2 Bg4 17. Nc2 Qd7 18. Nb4 Bh3 19. Rfe1 Ng4 20. Nc6 Rf3 21. Rad1
Raf8 22. Qc1 Nxe3 23. Rxe3 Bg5 24. Rxf3 Bxc1 25. Rxf8+ Kxf8 26. Rxc1 h5 27. Bf1
h4 28. Bxh3 Qxh3 29. Rf1+ Ke8 30. Rf3 Qg4 31. Ra3 Qxe4 32. Rxa6 Qxd5 33. Ra8+
Kd7 34. Nb8+ Kc7 35. Na6+ Kb7 36. b4 Qd4+ 37. Kg2 0-1

[Event "XXXI Corsicoscacchi A"]
[Site "Corsico ITA"]
[Date "2004.10.09"]
[Round "5"]
[White "Cartella, Giovanni"]
[Black "Molteni, Costantino"]
[Result "1-0"]
[WhiteElo "1909"]
[BlackElo "1965"]
[PlyCount "103"]
[EventDate "2004.10.02"]

1. d4 Nf6 2. Nf3 e6 3. Bg5 b6 4. e3 Bb7 5. Bd3 Be7 6. c3 c5 7. Nbd2 O-O 8. Qc2
h6 9. Bh4 d5 10. Ne5 Nc6 11. Ndf3 Nd7 12. Bg3 Rc8 13. Nxc6 Bxc6 14. Bf4 Bf6 15.
Rg1 Re8 16. Ne5 Nxe5 17. dxe5 Bg5 18. g3 Be7 19. g4 d4 20. O-O-O Bf3 21. Be2
Bxe2 22. Qxe2 g5 23. Bg3 f6 24. Kb1 fxe5 25. Bxe5 Bf6 26. exd4 cxd4 27. Rxd4
Qe7 28. Rgd1 Rcd8 29. Bxf6 Qxf6 30. Rxd8 Rxd8 31. Rxd8+ Qxd8 32. Qxe6+ Kg7 33.
Qe5+ Kg8 34. Kc2 Kh7 35. Qe4+ Kg8 36. Qg6+ Kf8 37. Qxh6+ Kf7 38. Qh7+ Kf6 39.
Qf5+ Kg7 40. f4 gxf4 41. Qxf4 Qe7 42. Qd4+ Kg8 43. Qd3 Qg7 44. Qf5 Qe7 45. Qd3
Qg7 46. h3 Qe7 47. b4 Qc7 48. Kb3 Qe7 49. Qg6+ Kf8 50. Qf5+ Kg8 51. g5 Qe1 52.
g6 1-0

[Event "XXXI Corsicoscacchi A"]
[Site "Corsico ITA"]
[Date "2004.10.09"]
[Round "5"]
[White "De Santis, Massimo"]
[Black "Bonazzi, Edoardo"]
[Result "0-1"]
[WhiteElo "1961"]
[BlackElo "2127"]
[PlyCount "52"]
[EventDate "2004.10.02"]

1. e4 c6 2. d4 d5 3. e5 c5 4. dxc5 Nc6 5. f4 e6 6. Nf3 Bxc5 7. c3 Bd7 8. Nbd2
Nge7 9. Nb3 Bb6 10. Bd3 Qc7 11. Qe2 Na5 12. Nxa5 Bxa5 13. O-O a6 14. Be3 Bb6
15. Nd4 Nc6 16. Kh1 Bxd4 17. cxd4 Nb4 18. Rac1 Qb6 19. Bb1 Bb5 20. Qg4 Bxf1 21.
Qxg7 Bxg2+ 22. Kxg2 Rf8 23. f5 Nc6 24. b3 O-O-O 25. Kf3 Kb8 26. Rc5 Qb4 0-1

[Event "XXXI Corsicoscacchi A"]
[Site "Corsico ITA"]
[Date "2004.10.09"]
[Round "5"]
[White "Vignoli, Matteo"]
[Black "Pelizzola, Danilo"]
[Result "1/2-1/2"]
[WhiteElo "1979"]
[BlackElo "2066"]
[PlyCount "82"]
[EventDate "2004.10.02"]

1. e4 e5 2. Nf3 Nc6 3. Bb5 a6 4. Ba4 Nf6 5. O-O Nxe4 6. d4 b5 7. Bb3 d5 8. dxe5
Be6 9. c3 Bc5 10. h3 O-O 11. Nbd2 h6 12. Bc2 Ng3 13. Re1 f5 14. Nb3 Bb6 15.
Nbd4 Nxd4 16. Nxd4 Bxd4 17. cxd4 Ne4 18. f3 Ng3 19. f4 Qe7 20. Bd2 Rac8 21. a3
c5 22. Kh2 Qh4 23. dxc5 Rxc5 24. Be3 Rxc2 25. Qxc2 Ne4 26. Qc6 Qg3+ 27. Kg1 Bf7
28. e6 Bh5 29. e7 Re8 30. Qxd5+ Kh8 31. Qxf5 Bf3 32. Qf8+ Kh7 33. Qf5+ Kg8 34.
Qd5+ Kh7 35. Re2 Rxe7 36. Rc2 Ng5 37. Qf5+ g6 38. Qc8 Bb7 39. Qc5 Nf3+ 40. Kf1
Nh2+ 41. Kg1 Nf3+ 1/2-1/2

[Event "XXXI Corsicoscacchi A"]
[Site "Corsico ITA"]
[Date "2004.10.10"]
[Round "6"]
[White "Bonazzi, Edoardo"]
[Black "D'Apa, Matteo"]
[Result "1-0"]
[WhiteElo "2127"]
[BlackElo "1973"]
[PlyCount "39"]
[EventDate "2004.10.02"]

1. Nf3 d5 2. c4 c6 3. g3 Nf6 4. Bg2 e6 5. b3 Nbd7 6. d4 Bd6 7. Bb2 O-O 8. Nbd2
Re8 9. O-O b6 10. Qc2 Bb7 11. e4 Nxe4 12. Nxe4 dxe4 13. Qxe4 Nf6 14. Qc2 c5 15.
dxc5 Bxc5 16. Rad1 Qe7 17. Ng5 Bxg2 18. Bxf6 Qxf6 19. Qxh7+ Kf8 20. Rd7 1-0

[Event "XXXI Corsicoscacchi A"]
[Site "Corsico ITA"]
[Date "2004.10.10"]
[Round "6"]
[White "Carbone, Lorenzo"]
[Black "Vignoli, Matteo"]
[Result "0-1"]
[WhiteElo "1908"]
[BlackElo "1979"]
[PlyCount "64"]
[EventDate "2004.10.02"]

1. e4 e5 2. Nf3 Nc6 3. Bb5 a6 4. Ba4 Nf6 5. O-O Be7 6. Re1 b5 7. Bb3 O-O 8. c3
d5 9. exd5 Nxd5 10. h3 Bb7 11. d3 Qd6 12. Ng5 Nf4 13. Bxf4 exf4 14. Qh5 Bxg5
15. Qxg5 h6 16. Qd5 Qg6 17. Qf3 h5 18. Bd5 Rad8 19. Be4 Ne5 20. Qxf4 Nxd3 21.
Bxg6 Nxf4 22. Bc2 Nxg2 23. Re7 Rfe8 24. Rxe8+ Rxe8 25. Na3 Nf4 26. Kh2 h4 27.
Rd1 g5 28. Bf5 Re2 29. Kg1 Bg2 30. Nc2 Bxh3 31. Bxh3 Nxh3+ 32. Kg2 Nf4+ 0-1

[Event "XXXI Corsicoscacchi A"]
[Site "Corsico ITA"]
[Date "2004.10.10"]
[Round "6"]
[White "Cartella, Giovanni"]
[Black "Brugo, Marco"]
[Result "0-1"]
[WhiteElo "1909"]
[BlackElo "1907"]
[PlyCount "60"]
[EventDate "2004.10.02"]

1. d4 e6 2. Nf3 f5 3. Bg5 Be7 4. h4 Nf6 5. e3 Ne4 6. Bxe7 Qxe7 7. c3 b6 8. Nbd2
Bb7 9. Ne5 Nf6 10. Ndf3 d6 11. Qa4+ c6 12. Nd3 Nbd7 13. Nb4 b5 14. Qc2 c5 15.
Nd3 e5 16. dxe5 dxe5 17. Nd2 c4 18. Nc1 e4 19. Ne2 Nc5 20. Nd4 Nd3+ 21. Ke2 Ng4
22. Nxb5 Ngxf2 23. Nxc4 Nxh1 24. g3 Nxg3+ 25. Kd2 Rd8 26. Nd4 O-O 27. Qb3 Bd5
28. Qb5 Bxc4 29. Qxc4+ Qf7 30. Bxd3 exd3 0-1

[Event "XXXI Corsicoscacchi A"]
[Site "Corsico ITA"]
[Date "2004.10.10"]
[Round "6"]
[White "Milan, Paolo"]
[Black "Bisignano, Giuseppe"]
[Result "0-1"]
[WhiteElo "1928"]
[BlackElo "1965"]
[PlyCount "88"]
[EventDate "2004.10.02"]

1. e4 e5 2. Nf3 Nc6 3. Bb5 a6 4. Ba4 Bc5 5. c3 b5 6. Bc2 Ba7 7. O-O Nge7 8. d4
Ng6 9. dxe5 Ncxe5 10. Nxe5 Nxe5 11. Bf4 Qf6 12. Bxe5 Qxe5 13. Qd5 Qxd5 14. exd5
O-O 15. a4 Bb7 16. Na3 Rfe8 17. Rad1 Re2 18. b4 c6 19. axb5 axb5 20. dxc6 Bxc6
21. Ra1 Bb6 22. Bd3 Rd2 23. Bxb5 Bxb5 24. Nxb5 Bxf2+ 25. Kh1 Rxa1 26. Rxa1 Kf8
27. Na3 Rd3 28. c4 Bd4 29. Rb1 Rxa3 30. b5 Ra1 31. Rxa1 Bxa1 32. g4 Ke7 33. Kg2
Bd4 34. Kf3 Kd6 35. Ke4 Kc5 36. b6 Kxc4 37. b7 Ba7 38. h4 d5+ 39. Kf5 d4 40. g5
d3 41. h5 d2 42. g6 fxg6+ 43. hxg6 d1=Q 44. gxh7 Qd5+ 0-1

[Event "XXXI Corsicoscacchi A"]
[Site "Corsico ITA"]
[Date "2004.10.10"]
[Round "6"]
[White "Molteni, Costantino"]
[Black "De Santis, Massimo"]
[Result "1-0"]
[WhiteElo "1965"]
[BlackElo "1961"]
[PlyCount "93"]
[EventDate "2004.10.02"]

1. Nf3 d5 2. c4 Nf6 3. cxd5 Nxd5 4. d4 g6 5. e4 Nf6 6. Nc3 Bg7 7. Be2 O-O 8.
O-O c6 9. h3 Nbd7 10. Be3 Re8 11. Qc2 Qa5 12. Rfd1 Nf8 13. Rac1 Bd7 14. a3 Rad8
15. b4 Qc7 16. Bd3 Qb8 17. e5 Nd5 18. Nxd5 cxd5 19. Qa2 h6 20. Rc5 e6 21. Qd2
Kh7 22. Rdc1 Rc8 23. b5 Rxc5 24. Rxc5 Rc8 25. Qc2 b6 26. Rc3 Kg8 27. Ne1 g5 28.
Rxc8 Qxc8 29. Qxc8 Bxc8 30. g3 Ng6 31. f4 gxf4 32. gxf4 Bf8 33. Nc2 Ne7 34. Kf2
Bd7 35. Bd2 Kg7 36. Bb4 Nc8 37. Bxf8+ Kxf8 38. Kg3 Kg7 39. Kh4 Ne7 40. Ne3 Ng6+
41. Kg4 Ne7 42. a4 Be8 43. f5 exf5+ 44. Nxf5+ Nxf5 45. Bxf5 a6 46. bxa6 Bxa4
47. Bc8 1-0

[Event "XXXI Corsicoscacchi A"]
[Site "Corsico ITA"]
[Date "2004.10.10"]
[Round "6"]
[White "Pelizzola, Danilo"]
[Black "Mastroddi, Emiliano"]
[Result "1/2-1/2"]
[WhiteElo "2066"]
[BlackElo "1985"]
[PlyCount "109"]
[EventDate "2004.10.02"]

1. e4 c5 2. Nf3 d6 3. d4 cxd4 4. Nxd4 Nf6 5. Nc3 g6 6. Be3 Bg7 7. f3 Nc6 8. Qd2
O-O 9. Be2 d5 10. exd5 Nxd5 11. Nxc6 bxc6 12. Bd4 Nxc3 13. Bxg7 Qxd2+ 14. Kxd2
Ne4+ 15. Ke3 Kxg7 16. fxe4 Be6 17. b4 Kf6 18. a4 Ke5 19. Rhf1 Rfd8 20. c3 h6
21. Rfd1 f5 22. g3 fxe4 23. Rxd8 Rxd8 24. Rd1 Rxd1 25. Bxd1 g5 26. Be2 Bb3 27.
a5 Kd5 28. Kd2 Bc4 29. Bd1 c5 30. Ke3 cxb4 31. cxb4 Bd3 32. Bb3+ Ke5 33. Bf7 e6
34. Be8 Kd5 35. Bd7 e5 36. b5 Kc5 37. b6 axb6 38. axb6 Kxb6 39. Bg4 Kc6 40. Bd1
Kd6 41. Ba4 Ke6 42. Bc6 Kf6 43. Ba4 Kg6 44. Bd7 h5 45. Be8+ Kh6 46. Bf7 h4 47.
gxh4 gxh4 48. Bd5 Kg5 49. Be6 Kf6 50. Bc8 Bc4 51. Kxe4 Be6 52. Ba6 Bf5+ 53. Ke3
Kg5 54. Be2 Bg4 55. Bb5 1/2-1/2

[Event "IV Festival Citta' di Varese"]
[Site "Varese ITA"]
[Date "2004.09.25"]
[Round "1"]
[White "D'Aulisa, Francesco"]
[Black "Aranovitch, Emiliano"]
[Result "0-1"]
[WhiteElo "1646"]
[BlackElo "2311"]
[PlyCount "54"]
[EventDate "2004.09.25"]

1. e4 c5 2. Nf3 d6 3. h3 Nf6 4. Nc3 Nc6 5. Bb5 Bd7 6. O-O g6 7. Bxc6 Bxc6 8.
Re1 Bg7 9. d4 cxd4 10. Nxd4 O-O 11. Nxc6 bxc6 12. Be3 Qa5 13. Qd2 Nd7 14. Bh6
Bxh6 15. Qxh6 Rab8 16. Rab1 Rb7 17. a3 Rfb8 18. b4 Qxa3 19. Re3 Rxb4 20. Rd1
Qa5 21. Qh4 Nf6 22. Ne2 Qa4 23. Ng3 Qxc2 24. Rdd3 Rb2 25. Qf4 Rb1+ 26. Kh2 Qc1
27. Ne2 Qh1+ 0-1